| 000 | 01916nam a2200277Ia 4500 | ||
|---|---|---|---|
| 003 | PE SENCICO BE | ||
| 005 | 20251020182435.0 | ||
| 008 | 200515s9999 xx 000 0 und d | ||
| 020 | _a9972-845-08-7 | ||
| 040 |
_aPE SENCICO BE _cPE SENCICO BE |
||
| 041 | _aspa | ||
| 082 |
_a374 _bP4 |
||
| 110 | 1 |
_92677 _aPerú. _bMinisterio de Educación |
|
| 245 | 1 | 0 |
_aEquidad, desarrollo y participación social : _breflexiones en torno a la alfabetización y la educación básica de adultos / _cMinisterio de Educación |
| 250 | _a1a ed. | ||
| 260 |
_aLima : _bMinisterio de Educación ; _bUNESCO ; _bEDUCA ; _c2003 |
||
| 300 |
_a163 páginas : _c29 cm. |
||
| 500 | _aEn la portada: Memoria del 1er Foro Internacional. Lima, Perú. 12, 13 y 14 marzo, 2001 | ||
| 505 | 0 | _aSituación y nuevas demandas de la Alfabetización en América Latina -- Marco conceptual de la alfabetización post Dakar -- La experiencia del género del grupo de alfabetización Micaela Bastidas -- La experiencia de alfabetización bilingue en Anta, Chumbivilcas y Cotabamba -- Educación bilingue intercultural en Huancavelica -- Alfabetización y acceso a los medios de comunicación -- Cultura y Lengua en la alfabetización de poblaciones indígenas -- Campaña nacional de alfabetización de Ecuador -- Guaraníes, Chiquitanos y Guarayos: Alfabetización bilngue en el Oriente boliviano -- La alfabetización a cargo de la Sociedad Civil en Brasil -- El método Reflect - Acción en El Salvador -- "Alfabetización ahora": Jornada Nacional de Alfabetización en República Dominicana -- El rol del Estado en la alfabetización en Canadá -- El Programa Mundial de Alimentos y la alfabetización. | |
| 650 | 1 | 0 |
_aEducación de adultos _93048 |
| 650 | 2 | 0 |
_aAlfabetización _93049 |
| 650 | 2 | 0 |
_aParticipación social _92446 |
| 650 | 2 | 0 |
_aEducación y estado _92696 |
| 650 | 2 | 0 |
_aSociología de la educación _92280 |
| 942 |
_cLIB _2ddc |
||
| 999 |
_c368 _d368 |
||